Jython: numerické funkcie (pokračovanie)

Bibliographic Details
Main Author: Havlíček, Štefan (Author)
Format: Article
Language:Slovak
PhysicalDescription:Obr., tab.
ISSN:1335-4787
Subjects:

MARC

LEADER 00000nab a2200000 a 4500
001 vtls009466471
003 SK-MaSNL
005 20260304210640.0
008 250506c2008 xo |||||||||||000 b|slo
015 |a SNBRB2009/01  |2 snkbucl 
035 |a (uuid)91010fe1-fa2a-4131-9270-a138f3ec7991 
035 |a urn:nbn:sk:snk-ab1fqp 
035 |a (urnnbn)urn:nbn:sk:snk:ar-00383t 
038 |a SNKBUCL 
040 |a SNKBUCL  |b slo  |c SNKBUCL  |e AACR2 
041 0 |a slo 
044 |a xo  |c SK 
080 |a 004.438Jython  |2 2001 
100 1 |a Havlíček, Štefan  |4 aut  |9 1541992 
245 1 0 |a Jython: numerické funkcie (pokračovanie)  |c Štefan Havlíček 
300 |b Obr., tab. 
650 0 7 |a programovacie jazyky  |2 SNKPH  |9 1838 
650 0 7 |a Jython  |2 snkbucl  |9 170079 
773 0 |t Infoware  |g Č. 6-7 (2008), s. 66  |x 1335-4787 
850 |a Slovenská národná knižnica 
852 |a Slovenská národná knižnica 
954 |a odborná, vedecká literatúra pôvodná (slovenská)  |2 lita 
958 |a article2022 
958 |a OND 
958 |a EUIPO 
999 |c 3127022  |d 3128952